| 000 | 01454nam a22003137a 4500 | ||
|---|---|---|---|
| 003 | OSt | ||
| 005 | 20210218100605.0 | ||
| 008 | 210218s1986 ck ad||fr|||| 00| 0 spa d | ||
| 020 |
_a9586021483 _qObra completa |
||
| 020 | _a9586021351 | ||
| 040 |
_aCO-JMCR _cCO-JMCR |
||
| 041 | 1 |
_aspa _heng |
|
| 082 | 0 | 4 |
_a338 / _bS263i _223 |
| 100 | 1 |
_aSavage, Christopher I., _eautor _913603 |
|
| 245 | 1 | 0 |
_aIntroducción a la economía empresarial / _cChristopher I. Savage y John R. Small ; traducción de Minguella Rubio |
| 260 |
_aBogotá : _bCírculo de Lectores, _c1986 |
||
| 300 |
_a253 páginas : _bilustraciones y gráficos a blanco y negro ; _c22 cm. |
||
| 490 | 0 | _aBiblioteca de la administración | |
| 500 | _aIncluye notas a pie de página. Título original. : An introduction to management economics | ||
| 505 | 0 | _aLa base económica de la empresa -- La empresa y sus objetivos -- El beneficio -- Política de inversiones -- La competencia -- El coste -- El control de los costes -- Análisis y previsión de la demanda -- Política de precio -- Política de producto, promoción de ventas y estrategia comercial | |
| 546 | _aTraducido del inglés. | ||
| 650 | 1 | 4 |
_aEconomía empresarial _913604 |
| 650 | 1 | 4 |
_aControl de costos _913605 |
| 650 | 1 | 4 |
_aCostos de producción _95205 |
| 650 | 2 | 4 |
_aEconomía industrial. _912523 |
| 700 | 1 |
_aSmall, John R., _eautor _913606 |
|
| 700 | 1 |
_aRubio, Minguella, _etraductora _913607 |
|
| 942 |
_2ddc _cBK |
||
| 999 |
_c7227 _d7227 |
||